Bài tập thực hành phục hồi ảnh cũ và thiết kế mẫu

Shranjeno v:
Bibliografske podrobnosti
Format: Knjiga
Izdano: Thống kê 2003
Oznake: Označite
Brez oznak, prvi označite!
Thư viện lưu trữ: Mạng thư viện Đại học Đà Nẵng
LEADER 00571nam a2200217 a 4500
001 000028659
003 16241
005 20171030145630.0
008 171030s2003
020 |c 45000 
040 |a LTT 
082 0 |a 006.6  |b Ba-T 
245 0 0 |a Bài tập thực hành phục hồi ảnh cũ và thiết kế mẫu  |c Quang Hân, Phương Hoa biên soạn. 
260 |b Thống kê  |c 2003 
OWN |a LTT 
999 |a From the UDN01 
TYP |a Monograph 
TYP |a Printed language 
980 |a Mạng thư viện Đại học Đà Nẵng